000 00492nam a2200205Ia 4500
003 OSt
005 20140321132044.0
008 140130s9999 xx 000 0 und d
020 _a9780618465279
050 _aNA 2555
_b.M24 2000
100 _aMakaulay, David
245 _aBuilding Big /
_cDavid Makaulay.
260 _bScholastic,
_c2000.
_aNew York :
300 _a192 p. :
_bill. ;
_c26 cm.
440 _v1
521 _aG12
526 _c1260
942 _cBK
_2lcc
999 _c42232
_d42232